The American College Football Teams - NO HINTS - Statistics

General Stats
  • This quiz has been taken 46 times
  • The average score is 9 of 14
Answer Stats
Team % Correct
Army
76%
Navy
76%
Tulane
76%
Florida Atlantic
71%
North Texas
71%
South Florida
71%
East Carolina
67%
Temple
67%
Tulsa
67%
Rice
62%
UTSA
62%
UAB
57%
Charlotte
52%
Memphis
52%
No matching quizzes found
Score Distribution
Percent of People with Each Score
Percentile by Number Answered
Your Score History
You have not taken this quiz